| 000 | 03110nab a2200265 i 4500 | ||
|---|---|---|---|
| 003 | BR-BrBNA | ||
| 005 | 20250813073616.0 | ||
| 008 | 250813b2020 bl.ar|pooa||| 00| 0 por | | ||
| 040 |
_aBR-BrBNA _bpor |
||
| 072 | _aF70 | ||
| 100 | _aGuedes, Felipe Martins | ||
| 100 | _aMatias, Lígia Queiroz | ||
| 245 | _aFlora do Ceará, Brasil: Lentibulariaceae | ||
| 500 | _aPublicação on-line; Bibliography p. 22-25 (61 ref.); 7 illus.; Summaries (En, Pt) | ||
| 520 | _a Resumo Este estudo compreende as espécies da família Lentibulariaceae ocorrentes no estado do Ceará, caracterizadas por apresentarem estruturas vegetativas altamente modificadas para captura de presas como forma de nutrição suplementar. Neste trabalho são apresentadas descrições morfológicas, chave de identificação, comentários taxonômicos, ilustrações, fotografias e dados de distribuição geográfica das espécies. Lentibulariaceae encontra-se representada, na área de estudo, pelos gêneros Genlisea e Utricularia, abrangendo 17 espécies: G. filiformis, U. adpressa, U. cornuta, U. cutleri, U. erectiflora, U. flaccida, U. foliosa, U.gibba, U. hydrocarpa, U. jamesoniana, U. juncea, U. pubescens, U. pusilla, U. resupinata, U. simulans, U. subulata e U. trichophylla. Oito espécies foram registradas em cinco Unidades de Conservação: APA do Lagamar do Cauípe, APA de Jericoacoara, APA do Lagamar do Cauípe, APA da Serra de Ibiapaba, PARNA de Ubajara e TI Jenipapo-Kanindé. Palavras-chave: florística, Genlisea, Nordeste brasileiro, plantas carnívoras, Utricularia. Abstract The present study comprises the species of the family Lentibulariaceae occurring in the Ceará state, characterized by highly modified vegetative structures in order to trap prey as a form of supplementary nutrition. This work presents morphological descriptions, identification key, taxonomic comments, illustrations, photographs and geographic distribution data of the species. Lentibulariaceae is represented, in the study area, by the genera Genlisea and Utricularia, comprising 17 species: G. filiformis, U. adpressa, U. cornuta, U. cutleri, U. erectiflora, U. flaccida, U. foliosa, U.gibba, U. hydrocarpa, U. jamesoniana, U. juncea, U. pubescens, U. pusilla, U. resupinata, U. simulans, U. subulata and U. trichophylla. Eight species were recorded in five Conservation Units: APA do Lagamar do Cauípe, APA de Jericoacoara, APA do Lagamar do Cauípe, APA da Serra de Ibiapaba, PARNA de Ubajara and TI Jenipapo-Kanindé. Key words: floristic, Genlisea, Brazilian northeast, carnivorous plants, Utricularia | ||
| 650 | _aCOMPOSIÇÃO BOTÂNICA | ||
| 650 | _aNORDESTE | ||
| 650 | _aBRASIL | ||
| 650 | _aPLANTA CARNÍVORA | ||
| 650 | _aLENTIBULARIACEAE | ||
| 773 | 0 |
_0709 _9353216 _dRio de Janeiro-RJ Jardim Botanico do Rio de Janeiro 1935 _o2025-4473 _tRodriguésia (Brazil) _x0370-6583; 2175-7860 on-line _gv. 71 p. 1-25; (2020) _wBR2025003325 |
|
| 856 | _uhttps://www.scielo.br/j/rod/a/WNxkg85SWHTQcNTyBm54FBR/?format=pdf&lang=pt | ||
| 942 | _cANA | ||
| 999 |
_c337593 _d337593 |
||